000 00681nam a2200229 a 4500
001 00010605
008 110328s2004 a g 000 0 eng d
020 _a0745623832
040 _aBD-Dh-IUB
_cBD-Dh-IUB
082 0 4 _a361.3
_219
100 1 _aDominelli, Lena
245 0 0 _aSocial Work :
_btheory and practice for a changing profession /
_cLena Dominelli
250 _a1st ed.
260 _aCambridge :
_bPolity Press,
_c2004.
300 _axi, 307p. :
_billus ;
_c23cm
520 0 _aSocial Science
556 _a2005\06\14
650 1 7 _aSocial policy
_2Spines
650 1 7 _aSocial services
_2Spines
650 1 7 _aSocial Workers
_2Spines
999 _c3718
_d3718